000 00648nam a2200217Ia 4500
003 GCL
008 140319s9999 xx 000 0 ara d
040 _aGCL /
_cGCL
082 0 4 _a411.1
_bد م
100 1 _aعزة حسن
245 1 0 _aالمحكم فى نقط المصاحف /
_cعزة حسن
700 1 _aالدانى, ابو عمرو عثمان بن سعيد
300 _a304 ص
490 _a
650 0 4 _aالكتابة
650 0 4 _aالمصاحف
650 0 4 _aالمصاحف العثمانية
650 0 4 _aالقران، القراءات والتجويد
650 0 4 _aالقران - جمع وتدوين
942 _2ddc
_cBK
999 _c37543
_d37543